Regions of Tallinn With a Map - Statistics

General Stats
  • This quiz has been taken 106 times
  • The average score is 6 of 8
Answers on the Map
Answers color-coded by a green-red scale on the quiz's map according to % correct below.
 
Answer Stats
Answer % Correct
Kesklinn
88%
Lasnamäe
88%
Mustamäe
85%
Pirita
75%
Põhja-Tallinn
71%
Kristiine
69%
Nõmme
64%
Haabersti
59%
No matching quizzes found
Score Distribution
Percent of People with Each Score
Percentile by Number Answered
Your Score History
You have not taken this quiz